Coming-of-Age Movies by Clue - Statistics

General Stats
  • This quiz has been taken 58 times
  • The average score is 15 of 25
Answer Stats
Year Hint Movie % Correct
1978 1950s high school romance with greasers and Pink Ladies. Grease
90%
2007 Sarcastic teen navigates unplanned pregnancy. Juno
85%
1985 Five high school stereotypes stuck in Saturday detention. The Breakfast Club
85%
1986 Charismatic teen skips school across Chicago. Ferris Bueller's Day Off
81%
1942 Protagonist is orphaned after a hunter kills his mom. Bambi
79%
1989 Prep school boys inspired by unorthodox English teacher. Dead Poets Society
79%
1984 Outsider teen challenges town’s ban on dancing. Footloose
75%
1994 Exiled cub matures before trying to reclaim his kingdom. The Lion King
73%
1986 Boys search for missing body along railroad tracks. Stand by Me
71%
1962 Child observes father defend a man in a racist trial. To Kill a Mockingbird
69%
1967 Aimless college graduate seduced by older woman. The Graduate
67%
1988 Child magically becomes adult overnight. Big
63%
2015 Personified emotions control a girl adjusting to a new city. Inside Out
62%
1955 Teen defies authority for no clear reason. Rebel Without a Cause
62%
1957 Frontier boy's dog is bitten by a rabid wolf. Old Yeller
58%
2000 Teen journalist tours with 1970s rock band. Almost Famous
56%
1993 1970s teens haze freshmen on last school day. Dazed and Confused
52%
1983 Midwestern boy obsessed with Red Ryder BB gun. A Christmas Story
50%
1973 Friends cruise hometown night before leaving for college. American Graffiti
46%
1999 Dad has midlife crisis; insecure daughter befriends neighbor. American Beauty
44%
1982 Southern California teens juggle sex, jobs, and school. Fast Times at Ridgemont High
42%
2016 Boy navigates racial and sexual identity in Miami. Moonlight
38%
2007 High school friends chase alcohol before graduation. Superbad
38%
1983 Teen turns parents’ empty house into lucrative operation. Risky Business
35%
1995 New York teens drift through sex, drugs, and moral neglect. Kids
21%
No matching quizzes found
Score Distribution
Percent of People with Each Score
Percentile by Number Answered
Your Score History
You have not taken this quiz